| 000 | 00443nam a2200145 a 4500 | ||
|---|---|---|---|
| 005 | 20140412111404.0 | ||
| 008 | 060309s19uu xx 00 eng d | ||
| 050 |
_aTR(GS 428.4 _bFo68 1997 |
||
| 245 |
_aFooled you!, D3 / _cillustrated by Rebecca McKillip Thornburgh. |
||
| 260 |
_aChicago, Ill : _bWorld Book Inc., _c1997. |
||
| 300 | _a16 p. ; ill. | ||
| 440 | _aWorld Book, Level D | ||
| 650 |
_aReading _xEnglish language |
||
| 999 |
_c105509 _d105509 |
||